Rock Star by Picture - Statistics

General Stats
  • This quiz has been taken 56 times
  • The average score is 16 of 22
Answer Stats
Picture Answer % Correct
Elvis Presley
98%
Jimi Hendrix
90%
Ozzy Osbourne
90%
Slash
90%
Mick Jagger
88%
Alice Cooper
86%
Billy Idol
86%
Eddie Van Halen
86%
Brian May
83%
Bono
81%
Gene Simmons
81%
Jon Bon Jovi
81%
Angus Young
79%
Steven Tyler
76%
Chuck Berry
74%
James Brown
74%
Joan Jett
74%
James Hetfield
71%
Stevie Ray Vaughan
57%
Rob Zombie
48%
Bret Michaels
31%
Sully Erna
5%
No matching quizzes found
Score Distribution
Percent of People with Each Score
Percentile by Number Answered
Your Score History
You have not taken this quiz